Approaches to intelligent agents : second Pacific Rimm International Workshop on Multi-Agents, PRIMA'99, Kyoto, Japan, December 2-3, 1999 : proceedings
Αποθηκεύτηκε σε:
| Συγγραφή απο Οργανισμό/Αρχή: | |
|---|---|
| Άλλοι συγγραφείς: | , |
| Μορφή: | Πρακτικό Συνεδρίου Βιβλίο |
| Γλώσσα: | English |
| Δημοσίευση: |
Berlin :
Springer,
c1999.
|
| Σειρά: | Lecture notes in computer science. Lecture notes in artificial intelligence ;
; 1733 |
| Θέματα: | |
| Ετικέτες: |
Προσθήκη ετικέτας
Δεν υπάρχουν, Καταχωρήστε ετικέτα πρώτοι!
|
MARC
| LEADER | 00000cam a2200000 i 4500 | ||
|---|---|---|---|
| 001 | 1/12996 | ||
| 008 | 001106s1999 gw | ||| |||| ||eng|| | ||
| 020 | |a 3540668233 | ||
| 035 | |l 10064441 | ||
| 040 | |a GR-MyUA |b gre |e AACR2 | ||
| 041 | 0 | |a eng | |
| 082 | 0 | |a 006.3 |2 (21) | |
| 111 | 2 | |a Pacific Rim International Workshop on Multi-Agents |n (2nd : |d 1999 : |c Kyoto, Japan) | |
| 245 | 1 | 0 | |a Approaches to intelligent agents : |b second Pacific Rimm International Workshop on Multi-Agents, PRIMA'99, Kyoto, Japan, December 2-3, 1999 : proceedings / |c Hideyuki Nakashima, Chengqi Zhang (eds.). |
| 260 | |a Berlin : |b Springer, |c c1999. | ||
| 300 | |a xii, 240 σ. : |b εικ. ; |c 23 εκ. | ||
| 490 | 1 | |a (Lecture Notes in computer science. Lecture Notes in Artificial Intelligence |v ; 1733) | |
| 504 | |a Περιλαμβάνει βιβλιογραφικές αναφορές και ευρετήριο. | ||
| 650 | 0 | 0 | |a Intelligent agents (Computer software) |x Congresses. |
| 700 | 1 | |a Nakashima, Hideyuki, |e edt | |
| 700 | 1 | |a Zhang, Chengqi, |d 1957- |e edt | |
| 830 | 0 | |a Lecture notes in computer science. |p Lecture notes in artificial intelligence ; |v ; 1733 | |
| 852 | |a INST |b SAMOS |e 20001106 |h 006.3 PAC |p 005300018636 |q 005300018636 |t BK |y 0 | ||
| 852 | |a INST |b SAMOS |e 20001106 |h 006.3 PAC |p 005300018638 |q 005300018638 |t BK |y 0 | ||
| 852 | |a INST |b SYROS |e 20001106 |h 006.3 PAC |p 005500000455 |q 005500000455 |t BK |y 0 | ||
| 901 | |a BIBL3-2000-3 | ||
| 909 | |a Σ |b 079860 | ||
| 909 | |a Σ |b 079862 | ||
| 909 | |a Ε |b 079861 | ||
| 922 | |a 3ΕΛΗ |b 200002 |c ΤΠΕΣ/ΠΟΛ |d LEADER | ||
| 922 | |a 5ΕΛΗ |b 200002 |c ΤΠΕΣ/ΠΟΛ |d LEADER | ||
| 970 | |a ΜΑΛΑΓΑΡΗ |b ΦΩΤΕΙΝΗ |z 2000/11/6 | ||